General Knowledge #19 - Statistics

General Stats
  • This quiz has been taken 66 times
  • The average score is 11 of 15
Answer Stats
Question Answer % Correct
In which year was US President John F. Kennedy assassinated? 1963
93%
Which big cat is said to be the world’s fastest land mammal? Cheetah
91%
What colour are most balls on a snooker table at the start of a game? Red
89%
What is the only country in the world today that still has an Emperor? Japan
86%
Which city has previously been known as Petrograd and Leningrad? St Petersburg
86%
Professor Moriarty was the archenemy of which literary hero? Sherlock Holmes
81%
‘Circle of Life’ and ‘Hakuna Matata‘ are songs from which Disney film? The Lion King
81%
Norwegian Magnus Carlsen is an expert player of which game? Chess
79%
Addis Ababa is the capital city of which African country? Ethiopia
79%
Samuel Langhorne Clemens was better known by what pen name? Mark Twain
79%
Which element has the symbol Na and the atomic number 11? Sodium
72%
In Ancient Greek myth, who was God of seas, storms & earthquakes? Poseidon
70%
A Margarita cocktail contains triple sec and which other alcoholic spirit? Tequila
58%
Which element was historically was also known as ‘Brimstone’? Sulfur
46%
Which 1992 Clint Eastwood western won the Oscar for Best Picture? Unforgiven
46%
No matching quizzes found
Score Distribution
Percent of People with Each Score
Percentile by Number Answered
Your Score History
You have not taken this quiz